000
00254nam a22001217a 4500
008
170627b xxu||||| |||| 00| 0 eng d
041
_a
eng
080
_a
93
100
_a
21
101
_a
SHH
245
_a
ON BORROWED TIME
_c
MOSLEY, L
942
_2
udc
_c
BK
999
_c
19110
_d
19110